000 00608cam a2200229ua 4500
001 11642
008 191014n ii |||gr||||Z||||||eng
020 _a9789332578753
040 _cMAIN
041 _aeng
082 _a651.7
100 _aCourtland L Bovee,
_eAuthor.
245 _aBusiness communication today
_cBy Courtland L Bovee and others
250 _a1st imp.
260 _aTamil Nadu:
_bPearson,
_c2017.
300 _a746p.
653 _aOffice services
700 _aJhon V Thill,
_eAuthor.
700 _aCourtland L Bovee,
_eAuthor.
700 _aRoshan Lal Raina,
_eAuthor.
942 _cBK
999 _c10454
_d10454